MARC

LEADER 00000nam0a2200000 4500
001 684886
005 20260213163651.0
090 |a 684886 
100 |a 20260213d1978 km|y0rusy50 ca 
101 0 |a rus 
102 |a RU 
105 |a y z 001yy 
181 0 |a i   |b  e  
182 0 |a n 
183 0 |a nc  |2 RDAcarrier 
200 1 |a Начальный курс научного коммунизма  |e для слушателей школ основ марксизма-ленинизма  |f В. Г. Афанасьев, Э. А. Баграмов, В. Г. Васина [и др.] 
203 |a Текст  |b визуальный  |c непосредственный 
205 |a 4-е изд. 
210 |a Москва  |c Политиздат  |d 1978 
215 |a 368 с. 
225 1 |a Для системы партийной учебы 
283 |a volume  |2 RDAcarrier 
320 |a Библиогр. в тексте 
606 |a Научный коммунизм  |x Социальная философия  |9 85472 
610 1 |a социализм 
610 1 |a коммунизм 
610 1 |a Октябрьская социалистическая революция 
610 1 |a коммунистическое общество 
610 1 |a коммунистическое строительство 
610 1 |a КПСС 
610 1 |a научное управление 
610 1 |a классовые различия 
610 1 |a национальные отношения 
610 1 |a политика 
610 1 |a коммунистическое воспитание 
610 1 |a мировая система социализма 
610 1 |a капитализм 
610 1 |a мировой имперализм 
610 1 |a идеологическая борьба 
686 |2 rubbk  |a Ю621.18 
701 1 |a Афанасьев  |b В. Г. 
701 1 |a Баграмов  |b Э. А. 
701 1 |a Васина  |b Э. Л. 
701 1 |a Волков  |b Г. Н. 
801 0 |a RU  |b 63413507  |c 20260213 
830 |a Ретро2026Каталогизация Кузнецова 
850 |a 63413507 
942 |c BK